| 000 | 00839cam a2200241 a 4500 | ||
|---|---|---|---|
| 001 | 000005704 | ||
| 005 | 20200929151743.0 | ||
| 008 | 901102s1989 cu a f001 0 spa | ||
| 040 |
_aDO-SdBNP _cDLC _dDLC |
||
| 082 |
_a972.85053 _bB732p |
||
| 100 | 1 |
_aBorge, Tomás _q(Tomás Borge Martínez), _d1930- _916110 |
|
| 245 | 1 | 3 |
_aLa paciente impaciencia / _cTomás Borge. |
| 260 |
_aLa Habana : _bCasa de las Américas, _c1989. |
||
| 300 |
_a459 p. : _bil. ; _c19 cm. |
||
| 490 | 1 | _aTestimonio | |
| 586 | _aPremio casa de las américas, 1989. | ||
| 651 | 4 |
_aNicaragua _xHistoria _y1979-1990 _916111 |
|
| 651 | 4 |
_aNicaragua _xHistoria _y1937-1990. _916112 |
|
| 610 | 2 | 0 |
_aFRENTE SANDINISTA DE LIBERACIÒN NACIONAL _xHISTORIA _916113 |
| 600 | 1 | 0 |
_aBorge, Tomás, _d1930- _916114 |
| 830 | 0 |
_aTestimonio _916115 |
|
| 910 | _aCatalogación por copia / LC | ||
| 999 |
_c5500 _d5500 |
||